| 000 | 02121pam a22003134a 4500 | ||
|---|---|---|---|
| 001 | 4369182 | ||
| 003 | USPCAS-E | ||
| 005 | 20180118181414.0 | ||
| 008 | 040108s2004 maua b 001 0 eng | ||
| 010 | _a 2004041375 | ||
| 020 | _a1402076967 | ||
| 035 | _a(OCoLC)ocm54034732 | ||
| 035 | _a(NNC)4369182 | ||
| 040 |
_aDLC _cDLC _dYDX _dOrLoB-B |
||
| 042 | _apcc | ||
| 050 | 0 | 0 |
_aTA418.7 _b.C42 2004 |
| 082 | 0 | 0 |
_a620.44 _222 _bCHA-A 2004 |
| 100 | 1 | _aChattopadhyay, Ramnarayan. | |
| 245 | 1 | 0 |
_aAdvanced thermally assisted surface engineering processes / _cby Ramnarayan Chattopadhyay. |
| 260 |
_aBoston : _bKluwer Academic, _cc2004. |
||
| 300 |
_axii, 374 p. : _bill. ; _c25 cm. |
||
| 502 | _a0 | ||
| 504 | _aIncludes bibliographical references and index. | ||
| 505 | 0 | 0 |
_gCh. 1. _tWear, Surface, Heat and Surface Engineering -- _gCh. 2. _tPlasma Assisted Thermal Processes -- _gCh. 3. _tIon Beam Processes -- _gCh. 4. _tElectron Beam Processes -- _gCh. 5. _tMicrowave Assisted Surface Modification Processes -- _gCh. 6. _tLaser Assisted Surface Engineering Processes -- _gCh. 7. _tSolar Energy for Surface Modifications -- _gCh. 8. _tCombustion Processes for Surface Modification -- _gCh. 9. _tFriction Weld Surfacing -- _gCh. 10. _tInduction Surface Modification Processes -- _gCh. 11. _tSurfacing by Spark Deposition Processes -- _gCh. 12. _tArc Assisted Advanced Surface Engineering Processes -- _gCh. 13. _tHot Isostatic Press -- _gCh. 14. _tFluid Bed Processes -- _gCh. 15. _tPolymeric Surfaces -- _gCh. 16. _tCeramic Surfaces -- _gCh. 17. _tDiffused and CVD Coatings of Single and Multiple Elements -- _gCh. 18. _tMiscellaneous Processes -- _gCh. 19. _tQuality of the Engineered Surfaces -- _gCh. 20. _tPrognostic and Life Cycle Extension. |
| 520 | 1 | _a"Advanced Thermally Assisted Surface Engineering Processes has been structured to provide assistance and guidance to the engineers, researchers and students in choosing the right process from the galaxy of newer surface engineering techniques using advanced heat sources."--BOOK JACKET. | |
| 650 | 0 | _aSurfaces (Technology) | |
| 900 | _bTOC | ||
| 942 |
_2ddc _cBK |
||
| 999 |
_c355803 _d355803 |
||